[Event "CSR-ch"]
[Site "Luhacovice"]
[Date "1971.??.??"]
[Round "5"]
[White "Kolarov, Atanas S"]
[Black "Plachetka, Jan"]
[Result "0-1"]
[WhiteElo "2435"]
[BlackElo "2370"]

1.d4 Nf6 2.Nf3 e6 3.c4 b6 4.g3 Ba6 5.Qa4 Be7 6.Bg2 O-O 7.O-O c6 8.Qc2 d5
9.b3 Nbd7 10.Nbd2 Rc8 11.Bb2 c5 12.dxc5 Bxc5 13.Rad1 b5 14.Bc3 Qe7 15.e4 dxc4
16.bxc4 bxc4 17.h3 Rfd8 18.Kh2 Nb6 19.Ne5 Nfd7 20.Ng4 f6 21.f4 Bb5 22.Rb1 a6
23.Nf3 Na4 24.Rfe1 Nxc3 25.Qxc3 h5 26.Ne3 Nb6 27.Bf1 Qd7 28.Qc2 Qc6 29.e5 Qxf3
30.Bg2 Bxe3 31.Re2 Bg1+ 32.Rxg1 Qd3  0-1

[Event "Novy Smokovec"]
[Site "Novy Smokovec"]
[Date "1971.??.??"]
[Round "8"]
[White "Balcerowski, Witold"]
[Black "Zilberstein, Valery I"]
[Result "0-1"]
[WhiteElo "2380"]
[BlackElo "2200"]

1.d4 Nf6 2.c4 e6 3.Nf3 b6 4.g3 Ba6 5.b3 d5 6.Bg2 Bb4+ 7.Bd2 Be7 8.Nc3 O-O
9.Ne5 c6 10.cxd5 cxd5 11.O-O Nfd7 12.Nxd5 exd5 13.Nxf7 Rxf7 14.Bxd5 Nf6 15.Bxa8 Qxd4
16.Bf4 Qxd1 17.Rfxd1 Nbd7 18.e4 Rf8 19.Bc6 Nc5 20.e5 Ng4 21.f3 g5 22.fxg4 gxf4
23.b4 Nd3 24.b5 Nb4 25.gxf4 Rxf4 26.h3 Kf7 27.Rac1 Nxc6 28.bxc6 Bc5+ 29.Kh2 Ke6
30.c7 Rf7 31.Rxc5 bxc5 32.Rd6+ Kxe5 33.Rc6 Kd4 34.c8=Q Bxc8 35.Rxc8 c4 36.Kg3 c3
37.g5 Kd3 38.h4 Rd7 39.h5 c2 40.a4 Kd2 41.Kf4 a5  0-1

[Event "URS-chT Moscow"]
[Site "Moscow"]
[Date "1972.??.??"]
[Round "?"]
[White "Zaichik, Gennadi"]
[Black "Mikhalchishin, Adrian"]
[Result "0-1"]
[WhiteElo "2200"]
[BlackElo "2200"]

1.d4 Nf6 2.c4 e6 3.Nf3 b6 4.g3 Ba6 5.b3 d5 6.Bg2 Bb4+ 7.Bd2 Qe7 8.O-O O-O
9.Bc3 c5 10.dxc5 Bxc5 11.Nbd2 Nc6 12.b4 Nxb4 13.Qa4 Qd7 14.Qa3 Bxc4 15.Nxc4 Nc2
16.Qb2 Nxa1 17.Nce5 Qa4 18.Qxa1 Ne4 19.Bb2 Rfc8 20.Nd3 Bf8 21.Nf4 Rc2 22.Bh3 Qb4
23.Be5 Qc4 24.Bb2 Nc3 25.Ne5 Nxe2+ 26.Kh1 Qa6 27.Nxe2 Qxe2 28.Bd4 Rxa2 29.Qb1 Rc8
30.Re1 Qc2 31.Qb5 Qa4 32.Qb1 f5 33.Nf3 Rac2 34.Kg2 Qc6 35.Ne5 Qe8 36.Nd3 Qd7
37.Nf4 R8c6 38.Nxe6 Rxe6 39.Bxf5 Rxe1 40.Qxc2 Qe8 41.Bxh7+ Kh8 42.Bg6 Qe6
43.Bf5 Qe8 44.Bg6 Re2 45.Qd3 Rd2 46.Qxd2 Qxg6 47.f3 Qe6 48.h4 Kg8 49.h5 a5
50.g4 a4 51.g5 a3 52.g6 Qc6 53.Bxb6 Qxb6 54.Qxd5+ Kh8 55.Qa8 Qd6 56.Kf2 Kg8  0-1

[Event "URS-chT Moscow"]
[Site "Moscow"]
[Date "1972.??.??"]
[Round "?"]
[White "Kuzmin, Gennadi P"]
[Black "Karner, Hillar"]
[Result "1-0"]
[WhiteElo "2520"]
[BlackElo "2200"]

1.d4 Nf6 2.c4 e6 3.Nf3 b6 4.g3 Ba6 5.Qa4 c5 6.Bg2 Bb7 7.O-O cxd4 8.Nxd4 Bxg2
9.Kxg2 Qc8 10.Bf4 Bc5 11.Nb5 Qc6+ 12.f3 O-O 13.Rd1 a6 14.N5c3 Qb7 15.Nd2 Nc6
16.Nde4 Nxe4 17.Nxe4 e5 18.Bg5 f5 19.Nxc5 bxc5 20.Qb3 Qc7 21.Qd3 h6 22.Qd5+ Kh8
23.Be3 Nd4 24.Bf2 Rad8 25.e3 Nc2 26.Rac1 Nb4 27.Qd6 Qxd6 28.Rxd6 Rf6 29.Rcd1 Rxd6
30.Rxd6 Nxa2 31.e4 fxe4 32.fxe4 Nb4 33.Bxc5 Nc6 34.b4 Kg8 35.b5 axb5 36.cxb5 Nb8
37.Rb6 d5 38.exd5 Nd7 39.Rd6 Kf7 40.Bb6  1-0

[Event "URS-chT Moscow"]
[Site "Moscow"]
[Date "1972.??.??"]
[Round "?"]
[White "Furman, Boris"]
[Black "Bronstein, David I"]
[Result "1/2-1/2"]
[WhiteElo "2520"]
[BlackElo "2585"]

1.d4 Nf6 2.c4 e6 3.Nf3 b6 4.g3 Ba6 5.b3 Bb4+ 6.Bd2 Bxd2+ 7.Nbxd2 d5 8.Bg2 c5
9.O-O O-O 10.Re1 Nbd7 11.e4 dxe4 12.Nxe4  1/2-1/2

[Event "NLD-ch"]
[Site "Leeuwarden"]
[Date "1973.??.??"]
[Round "9"]
[White "Marcus, Joost"]
[Black "Van Scheltinga, Theo D"]
[Result "1-0"]
[WhiteElo "2395"]
[BlackElo "2330"]

1.Nf3 Nf6 2.c4 e6 3.d4 b6 4.g3 Ba6 5.Nbd2 Bb4 6.a3 Bxd2+ 7.Nxd2 c6 8.Bg2 d5
9.b3 O-O 10.O-O Nbd7 11.e4 Rc8 12.e5 Ne8 13.Re1 Nc7 14.Bb2 c5 15.Rc1 cxd4
16.Bxd4 Nc5 17.Bxc5 bxc5 18.cxd5 Nxd5 19.Ne4 Qa5 20.Nd6 Rc7 21.Bxd5 exd5
22.Qxd5 Bc8 23.Nxc8 Rcxc8 24.b4 Qxa3 25.bxc5 Rfd8 26.Qc4 Qb2 27.c6 Rd2 28.e6 Rxf2
29.exf7+ Rxf7 30.Rf1 Qb6+ 31.Kg2 Rc7 32.Rxf7 Rxf7 33.Rf1  1-0

[Event "CSR-ch"]
[Site "Luhacovice"]
[Date "1973.??.??"]
[Round "12"]
[White "Estevez, Guillermo"]
[Black "Plachetka, Jan"]
[Result "0-1"]
[WhiteElo "2395"]
[BlackElo "2380"]

1.d4 Nf6 2.c4 e6 3.Nf3 b6 4.g3 Ba6 5.Qa4 c6 6.Bg2 b5 7.cxb5 cxb5 8.Qb3 Nc6
9.O-O d5 10.Bf4 Be7 11.Rc1 Qb6 12.Nc3 O-O 13.Qd1 Rfc8 14.Ne5 Nxe5 15.Bxe5 Ng4
16.Bf4 g5 17.e3 Nxf2 18.Kxf2 gxf4 19.gxf4 Kh8 20.Qh5 Rg8 21.Bf1 Rg7 22.Bd3 Rag8
23.Rg1 b4 24.Na4 Qc6 25.Bxa6 Qxa6 26.Rxg7 Rxg7 27.Nc5 Qc4 28.Rg1 Qc2+  0-1

[Event "HUN-ch"]
[Site "?"]
[Date "1974.??.??"]
[Round "?"]
[White "Sapi, Laszlo"]
[Black "Tompa, Janos"]
[Result "1/2-1/2"]
[WhiteElo "2410"]
[BlackElo "2420"]

1.d4 Nf6 2.c4 e6 3.Nf3 b6 4.g3 Ba6 5.Nbd2 c5 6.Bg2 Nc6 7.dxc5 Bxc5 8.a3 Bb7
9.b4 Be7 10.Bb2 Rc8 11.O-O O-O 12.e4 d6 13.Qe2 Rc7 14.Nb3 Nd7 15.Nfd4 Nxd4
16.Nxd4 a6 17.Rac1 Qa8 18.Rfd1 Rfc8 19.Nb3 a5 20.b5 a4 21.Nd2 Bf6 22.Bxf6 Nxf6
23.Rb1 d5 24.cxd5 exd5 25.e5 Re8 26.f4 Rc3 27.Qf2 Nd7 28.Ne4 dxe4 29.Rxd7 Qc8
30.Rbd1 Rxa3 31.e6 f6 32.Qxb6 Rd3 33.R1xd3 exd3 34.Qxb7 Qc5+ 35.Kf1 Qc1+
36.Kf2 Qd2+ 37.Kf1 Qc1+ 38.Kf2 Qd2+  1/2-1/2

[Event "Nice olm prel"]
[Site "Nice"]
[Date "1974.??.??"]
[Round "9"]
[White "Bleiman, Yaacov"]
[Black "Puhm, Alar"]
[Result "1-0"]
[WhiteElo "2450"]
[BlackElo "2300"]

1.d4 Nf6 2.c4 e6 3.Nf3 b6 4.g3 Ba6 5.Qa4 c5 6.Bg2 Bb7 7.O-O Qc8 8.dxc5 Bxc5
9.b4 Be7 10.Nbd2 O-O 11.Bb2 a5 12.b5 d6 13.Qc2 e5 14.Nh4 Re8 15.Rfd1 g6 16.Rac1 Bxg2
17.Nxg2 Qh3 18.Ne3 Nbd7 19.Ne4 Nxe4 20.Qxe4 Rad8 21.Qg2 Qe6 22.Ba3 Bf8 23.Qb7 Rb8
24.Qd5 Nc5 25.Bxc5 dxc5 26.Qxe6 Rxe6 27.Rd7 Bh6 28.Rcd1 Bxe3 29.fxe3 Kf8
30.R1d5 h6 31.e4 Rbe8 32.Ra7 R8e7 33.Ra6 Rb7 34.Ra8+ Ke7 35.Rad8 Ra7 36.a4 Rb7
37.Kf2 Ra7 38.e3 Rb7 39.Rh8 h5 40.Kg2 Ra7 41.Kh3 Rb7 42.Kh4 Rd7 43.Kg5 Rdd6
44.Rb8 Kd7 45.Rb7+ Ke8 46.Kh6 Kf8 47.Rb8+ Ke7 48.h3 Kd7 49.Rf8 f5 50.Rxd6+ Rxd6
51.exf5 gxf5+ 52.Kxh5 Rd3 53.Rxf5 Rxe3 54.Kg4 Ke6 55.h4 Rc3 56.h5 Rxc4+ 57.Kg5 Rc3
58.g4 Rh3 59.Kg6 e4 60.h6 e3 61.Rf1 c4 62.h7 c3 63.Rc1 Ke5 64.Rxc3 Kf4 65.g5 Rh1
66.Rc8 e2 67.Re8 Kf3 68.Kg7 Rg1 69.h8=Q  1-0

[Event "ARG-ch"]
[Site "Buenos Aires"]
[Date "1975.??.??"]
[Round "16"]
[White "Sanguineti, Raul"]
[Black "Panno, Oscar"]
[Result "1/2-1/2"]
[WhiteElo "2530"]
[BlackElo "2545"]

1.d4 Nf6 2.c4 e6 3.Nf3 b6 4.g3 Ba6 5.Qa4 c5 6.Bg2 Bb7 7.O-O cxd4 8.Nxd4 Bxg2
9.Kxg2 Bc5 10.Nf3 O-O 11.Nc3 Qc8 12.Bg5 Be7 13.Ne4 Nxe4 14.Bxe7 Re8 15.Ba3 Qb7
16.Qc2 Na6  1/2-1/2

[Event "HUN-ch"]
[Site "?"]
[Date "1975.??.??"]
[Round "?"]
[White "Lukacs, Peter"]
[Black "Barczay, Laszlo"]
[Result "1/2-1/2"]
[WhiteElo "2385"]
[BlackElo "2445"]

1.d4 Nf6 2.c4 e6 3.Nf3 b6 4.g3 Ba6 5.b3 Bb4+ 6.Bd2 Be7 7.Nc3 d5 8.Bg2 O-O
9.Ne5 c6 10.cxd5 cxd5 11.O-O Nfd7 12.Nxd7 Nxd7 13.Bc1 Rc8 14.Bb2  1/2-1/2

[Event "HUN-ch"]
[Site "?"]
[Date "1975.??.??"]
[Round "?"]
[White "Petran, Pal"]
[Black "Flesch, Janos"]
[Result "1/2-1/2"]
[WhiteElo "2390"]
[BlackElo "2385"]

1.d4 Nf6 2.c4 e6 3.Nf3 b6 4.g3 Ba6 5.Qa4 c5 6.Bg2 Bb7 7.O-O cxd4 8.Nxd4 Bxg2
9.Kxg2 Qc8 10.Nc3 Nc6 11.Nxc6 Qxc6+ 12.Qxc6 dxc6 13.Bf4 O-O-O 14.Rfd1 Bb4
15.Be5 Rxd1 16.Rxd1 Rd8 17.Rxd8+ Kxd8 18.a3  1/2-1/2

[Event "Agard"]
[Site "Agard"]
[Date "1976.??.??"]
[Round "7"]
[White "Petran, Pal"]
[Black "Stoica, Valentin"]
[Result "0-1"]
[WhiteElo "2415"]
[BlackElo "2315"]

1.d4 Nf6 2.c4 e6 3.Nf3 b6 4.g3 Ba6 5.Qa4 c5 6.Bg2 Bb7 7.O-O Be7 8.Rd1 cxd4
9.Nxd4 Bxg2 10.Kxg2 Qc8 11.Nc3 Qb7+ 12.f3 a6 13.Nc2 O-O 14.Bf4 Rc8 15.Rac1 Nc6
16.Na3 Na5 17.Bd6 Bxd6 18.Rxd6 Qc7 19.Rcd1 Nxc4 20.Nxc4 Qxc4 21.Qxc4 Rxc4
22.Rxb6 d5 23.e3 a5 24.Rd4 Nd7 25.Rxc4 Nxb6 26.Rc6 Nc4 27.e4 Ne5 28.Rc5 Nd3
29.Rb5 d4 30.Ne2 e5 31.Rb3 Nb4 32.a3 Nc2 33.Nc1 f6 34.Nd3 Ne3+ 35.Kh3 Rc8
36.f4 f5 37.fxe5 fxe4 38.Nf2 Rc5 39.Rb8+ Kf7 40.Rd8 Rxe5 41.g4 Nc2 42.Kg3 g5
43.b4 a4 44.b5 e3 45.Nd3 Rxb5 46.Kf3 Rb3 47.Ke2 Ke7 48.Rd5 h6 49.Ra5 Rxa3
50.Ra7+ Kd6 51.Ra6+ Kc7 52.Rxh6 Rc3 53.Rh7+ Kb6 54.Rh8 Kb7 55.Rh7+ Rc7 56.Nc5+ Kc6
57.Rxc7+ Kxc7 58.Nxa4 Kc6 59.Nb2 Kd5 60.Nd3 Na1 61.h4 gxh4 62.g5 Nb3 63.Nf4+ Ke4
64.g6 d3+ 65.Kf1 Kxf4 66.g7 Kf3  0-1

[Event "HUN-ch"]
[Site "Budapest"]
[Date "1976.??.??"]
[Round "2"]
[White "Karsa, Laszlo"]
[Black "Csom, Istvan"]
[Result "0-1"]
[WhiteElo "2200"]
[BlackElo "2490"]

1.d4 Nf6 2.c4 e6 3.Nf3 b6 4.g3 Ba6 5.b3 Bb4+ 6.Bd2 Be7 7.Bg2 d5 8.O-O c6
9.Ne5 O-O 10.cxd5 cxd5 11.b4 Nfd7 12.Nf3 Bc4 13.Na3 b5 14.Re1 f5 15.Nxc4 bxc4
16.b5 a6 17.a4 Qb6 18.Qb1 Rc8 19.Bc3 Rc7 20.Qb2 Rb7 21.Reb1 axb5 22.axb5 Rxa1
23.Qxa1 Nc6 24.Nd2 Ra7 25.Qb2 Ba3 26.Qc2 Nxd4 27.Bxd4 Qxd4 28.Nf3 Qb6 29.e3 Bc5  0-1

[Event "ENG-URS m"]
[Site "London"]
[Date "1976.??.??"]
[Round "?"]
[White "Goodman, David SC"]
[Black "Taimanov, Mark E"]
[Result "1-0"]
[WhiteElo "2230"]
[BlackElo "2540"]

1.d4 Nf6 2.c4 e6 3.Nf3 b6 4.g3 Ba6 5.Nbd2 Be7 6.Bg2 O-O 7.O-O d5 8.Ne5 c6
9.b3 Nfd7 10.Nxd7 Nxd7 11.e4 Rc8 12.Bb2 Bb4 13.Rc1 Qe7 14.Nb1 dxe4 15.Bxe4 Nf6
16.Bg2 Rfd8 17.Qe2 Bb7 18.c5 bxc5 19.a3 Ba5 20.dxc5 Nd5 21.b4 Bc7 22.Nc3 Bb8
23.f4 Rd7 24.Nxd5 cxd5 25.Bd4 a6 26.Rfe1 Qf8 27.a4 Ba7 28.Qe3 Bc6 29.Qa3 Rb7
30.Bf1 Rcb8 31.b5 axb5 32.axb5 Bxb5 33.Bxb5 Rxb5 34.Qxa7 Ra8 35.Qd7 Rb4 36.Red1 Raa4
37.c6  1-0

[Event "URS-ch otbor"]
[Site "Rostov"]
[Date "1976.??.??"]
[Round "?"]
[White "Kozlov, Vladimir N"]
[Black "Kudriashov, Anatoli"]
[Result "0-1"]
[WhiteElo "2445"]
[BlackElo "2380"]

1.d4 Nf6 2.Nf3 e6 3.c4 b6 4.g3 Ba6 5.Qa4 c5 6.Bg2 Bb7 7.O-O cxd4 8.Nxd4 Bxg2
9.Kxg2 Qc8 10.Nc3 Bc5 11.Nf3 Qb7 12.Bf4 O-O 13.Rad1 Nc6 14.Kg1 a6 15.a3 Rfc8
16.e4 Bf8 17.Rd3 Na5 18.c5 Bxc5 19.b4 Nxe4 20.Nxe4 Qxe4 21.Qxd7 Nb7 22.Ng5 Qf5
23.Rf3 h6 24.Bb8 Rd8 25.Qxb7 Raxb8 26.Qa7 Qxg5 27.Qxf7+ Kh8 28.bxc5 Qxc5
29.Qxe6 Rf8 30.Re3 Rf6 31.Qe5 Qxe5 32.Rxe5 Rf3 33.a4 Ra3 34.Re4 Rb3 35.Rc1 Rb7
36.h4 Kh7 37.h5 Rf7 38.Re8 Rf5 39.g4 Rc5 40.Rd1 Rb4 41.f3 Rc2 42.Rb8 Ra2
43.Re1 Rbb2 44.Kf1 Rh2 45.Kg1 Rhg2+ 46.Kh1 Rgb2 47.Rf8 Rxa4 48.f4 a5 49.f5 Rf4
50.Kg1 Rxg4+ 51.Kh1 Rc4 52.f6 Rc5 53.fxg7 Rxh5+ 54.Kg1 Rg5+ 55.Kh1 Rxg7 56.Ree8 a4
57.Rh8+ Kg6 58.Re6+ Kg5  0-1

[Event "HUN-ch"]
[Site "Budapest"]
[Date "1977.??.??"]
[Round "?"]
[White "Orso, Miklos"]
[Black "Rigo, Janos"]
[Result "1/2-1/2"]
[WhiteElo "2200"]
[BlackElo "2200"]

1.d4 Nf6 2.c4 e6 3.Nf3 b6 4.g3 Ba6 5.Nbd2 Bb4 6.Qc2 O-O 7.a3 Bxd2+ 8.Bxd2 d5
9.b3 Nc6 10.e3 Ne4 11.Bg2 f5 12.O-O g5 13.Rfd1 g4 14.Ne1 Rf6 15.Nd3 h5 16.Nf4 h4
17.Rac1 Bb7 18.cxd5 exd5 19.Be1 hxg3 20.fxg3 Rc8 21.Qe2 Ne7 22.h4 Ng6 23.Qf1 Nxf4
24.Qxf4 Qd6 25.Qxd6 Nxd6 26.Rc2 c6 27.Bf1 b5 28.Bd2 Re8 29.Bc1 Kf7 30.Rf2 Ne4
31.Rc2 Ke6 32.Bg2 Nd6 33.Rf2 Rh8 34.Rdf1 Rf7 35.Bh1 Rfh7 36.Ra2 Nf7 37.Rff2 Ng5
38.Rfc2 Kd6 39.Re2 Bc8 40.Reb2 Nh3+ 41.Kf1 Re7 42.Bg2 Ng5 43.Kg1  1/2-1/2

[Event "HUN-ch"]
[Site "Budapest"]
[Date "1977.??.??"]
[Round "?"]
[White "Orso, Miklos"]
[Black "Vadasz, Laszlo"]
[Result "0-1"]
[WhiteElo "2200"]
[BlackElo "2495"]

1.d4 Nf6 2.c4 e6 3.Nf3 b6 4.g3 Ba6 5.Qc2 c5 6.Bg2 Nc6 7.O-O cxd4 8.Rd1 Rc8
9.Qa4 Bb7 10.Nxd4 Nxd4 11.Rxd4 Bxg2 12.Kxg2 Qc7 13.Nc3 Bc5 14.Rd3 Be7 15.b3 Qb7+
16.f3 O-O 17.Ba3 Bxa3 18.Qxa3 a6 19.Qb4 Rc7 20.Rad1 Rb8 21.a4 Rc5 22.Qa3 h5
23.Qb2 Rbc8 24.Qd2 Qc7 25.e4 h4 26.g4 Qe5 27.Qf2 g5 28.Qd4 Qxd4 29.Rxd4 R8c6
30.Rd6 Rxd6 31.Rxd6 Rc6 32.Rd2 d6 33.Ne2 Kf8 34.Nd4 Rc8 35.Ne2 Ke7 36.Kf2 Nd7
37.Ke3 Ne5 38.Nd4 Ng6 39.Nc2 b5 40.axb5 axb5 41.Na3 bxc4 42.Nxc4 Rb8 43.Rb2 d5
44.Na5 Kd6 45.exd5 exd5 46.b4 Ne5 47.Rb3 Nc4+ 48.Nxc4+ dxc4 49.Rb1 Kc6 50.Ke4 Kb5
51.Kf5 Rg8 52.Ke4 h3 53.Ke5 Rd8 54.Kf6 Rd2 55.Kxg5 Rxh2 56.Kh4 c3 57.Rc1 Kxb4
58.Kg3 Rd2 59.Kxh3 Kb3 60.f4 c2 61.Kh4 Rd1 62.Rxc2 Kxc2 63.Kg5 Kd3 64.Kf6 Ke4
65.f5 Rd7 66.g5 Rd6+ 67.Ke7 Kxf5 68.Kxd6 Kxg5  0-1

[Event "HUN-ch"]
[Site "Budapest"]
[Date "1977.??.??"]
[Round "?"]
[White "Orso, Miklos"]
[Black "Lengyel, Levente"]
[Result "1/2-1/2"]
[WhiteElo "2200"]
[BlackElo "2415"]

1.d4 Nf6 2.c4 e6 3.Nf3 b6 4.g3 Ba6 5.b3 Bb4+ 6.Bd2 Be7 7.Bg2 c6 8.O-O d5
9.Ne5 O-O 10.Bc3 Nfd7 11.Nxd7 Nxd7 12.Nd2 Rc8 13.e4 dxe4 14.Nxe4 Nf6 15.Qc2 Bb7
16.Rad1 Rc7 17.Rfe1 Nxe4 18.Bxe4 h6 19.Qe2  1/2-1/2

[Event "HUN-ch"]
[Site "Budapest"]
[Date "1977.??.??"]
[Round "?"]
[White "Vadasz, Laszlo"]
[Black "Barczay, Laszlo"]
[Result "0-1"]
[WhiteElo "2495"]
[BlackElo "2470"]

1.c4 Nf6 2.Nf3 b6 3.d4 e6 4.g3 Ba6 5.b3 Bb4+ 6.Bd2 Be7 7.Nc3 d5 8.cxd5 exd5
9.Bg2 O-O 10.O-O c6 11.Rc1 Re8 12.Re1 Nbd7 13.Bh3 c5 14.Bg5 Bb7 15.e3 h6
16.Bxf6 Nxf6 17.dxc5 Bxc5 18.Na4 Ba3 19.Rb1 Bb4 20.Re2 b5 21.Qd4 Re4  0-1

[Event "Club Argentino"]
[Site "Buenos Aires"]
[Date "1977.??.??"]
[Round "7"]
[White "Amado, Claudio"]
[Black "Panno, Oscar"]
[Result "1/2-1/2"]
[WhiteElo "2310"]
[BlackElo "2550"]

1.d4 Nf6 2.c4 e6 3.Nf3 b6 4.g3 Ba6 5.Qa4 c6 6.Nc3 Be7 7.Bg2 O-O 8.Bf4 Bb7
9.O-O d5 10.Ne5 a6 11.Rfc1 b5 12.cxb5 cxb5 13.Qd1 Nfd7 14.Nxd7 Nxd7 15.a4 b4
16.Bc7 Qe8 17.Nb1 a5 18.Nd2 Ra6 19.Nb3 Qa8 20.e3 Bd8 21.Bf1 Rc6 22.Bxd8 Rxd8
23.Bb5 Rxc1 24.Rxc1 Nb6 25.Nc5 Rc8 26.b3 h6 27.Rc2 Rc7 28.Nxe6 Rxc2 29.Qxc2 fxe6
30.Qc7 Nc4 31.bxc4 dxc4 32.Bxc4 Bd5  1/2-1/2

[Event "Favorite"]
[Site "Hamburg"]
[Date "1977.??.??"]
[Round "3"]
[White "Rellstab, Ludwig Jr"]
[Black "Stean, Michael"]
[Result "0-1"]
[WhiteElo "2265"]
[BlackElo "2485"]

1.c4 b6 2.d4 e6 3.Nf3 Nf6 4.g3 Ba6 5.Qa4 c5 6.Bg2 Bb7 7.O-O cxd4 8.Nxd4 Bxg2
9.Kxg2 Qc8 10.Bf4 Be7 11.Nd2 O-O 12.Kg1 a6 13.Rac1 Qb7 14.Qb3 d6 15.Qf3 Ra7
16.Qxb7 Rxb7 17.N4f3 Rc8 18.Rfd1 h6 19.Be3 Nbd7 20.Bd4 Rbc7 21.b3 Kf8 22.Bb2 Ke8
23.Ne1 g5 24.h3 d5 25.cxd5 Nxd5 26.Rxc7 Rxc7 27.Kf1 Bf6 28.Ba3 b5 29.Ne4 Be7
30.Bxe7 Kxe7 31.Nd2 N7b6 32.Nd3 Rc2 33.e4 Nc3 34.Nb4 Rxa2 35.Nxa2 Nxd1 36.Nb4 a5
37.Nc6+ Kd6 38.Nxa5 Nc3 39.Nb7+ Kc7 40.Nc5 Nd7 41.Nd3 Kd6 42.f3 Ne5 43.Ne1 Kc5
44.Nc2 Nd3 45.Kg2 Nb4 46.Ne3 Kd4 47.Ng4 h5 48.Nf6 Kd3 49.Nf1 Nc2 50.Nh7 Ke2
51.Nxg5 Ne1+ 52.Kg1 Nxf3+ 53.Nxf3 Kxf3 54.e5 Ne4 55.g4 h4  0-1

[Event "HUN-ch"]
[Site "Budapest"]
[Date "1978.??.??"]
[Round "?"]
[White "Eperjesi, Laszlo"]
[Black "Szekely, Peter"]
[Result "1/2-1/2"]
[WhiteElo "2395"]
[BlackElo "2200"]

1.d4 Nf6 2.c4 e6 3.Nf3 b6 4.g3 Ba6 5.b3 Bb4+ 6.Bd2 Be7 7.Bg2 c6 8.O-O d5
9.Qc2 Nbd7 10.a4 O-O 11.Na3 Rc8 12.Rfd1 Ne4 13.Be1 f5 14.e3 Bf6 15.Rac1 Qe7
16.Qa2 g5 17.b4  1/2-1/2

[Event "HUN-ch"]
[Site "Budapest"]
[Date "1978.??.??"]
[Round "?"]
[White "Petran, Pal"]
[Black "Rigo, Janos"]
[Result "1/2-1/2"]
[WhiteElo "2400"]
[BlackElo "2360"]

1.d4 Nf6 2.c4 e6 3.Nf3 b6 4.g3 Ba6 5.b3 Be7 6.Bg2 c6 7.Qc2 d5 8.O-O Nbd7
9.Ba3 O-O 10.Bxe7 Qxe7 11.Nbd2 Rac8 12.e4 dxe4 13.Nxe4 Nxe4 14.Qxe4 Nf6 15.Qe5 Rfd8  1/2-1/2

[Event "HUN-ch"]
[Site "Budapest"]
[Date "1978.??.??"]
[Round "?"]
[White "Barczay, Laszlo"]
[Black "Tompa, Janos"]
[Result "0-1"]
[WhiteElo "2465"]
[BlackElo "2400"]

1.d4 Nf6 2.c4 e6 3.Nf3 b6 4.g3 Ba6 5.b3 Bb4+ 6.Bd2 Be7 7.Bg2 c6 8.O-O d5
9.Bc3 Ne4 10.Bb2 Nd7 11.Nfd2 Nxd2 12.Nxd2 b5 13.c5 b4 14.Re1 f5 15.e4 dxe4
16.f3 O-O 17.fxe4 e5 18.exf5 exd4 19.Bxc6 Rc8 20.Bd5+ Kh8 21.Ne4 Ne5 22.Be6 Rc6
23.Ng5 Bxg5 24.Rxe5 Be3+ 25.Kg2 Bb7 26.Kh3 Qf6 27.Bxd4 Qh6+ 28.Kg4 Rxe6 29.Rxe6 Qg5+
30.Kh3 Qxf5+ 31.Qg4 Bg2+ 32.Kh4 Bg5+  0-1

[Event "Buenos Aires ol (Men)"]
[Site "Buenos Aires"]
[Date "1978.??.??"]
[Round "?"]
[White "Kuligowski, Adam"]
[Black "Keene, Raymond D"]
[Result "1-0"]
[WhiteElo "2325"]
[BlackElo "2480"]

1.d4 Nf6 2.c4 e6 3.Nf3 b6 4.g3 Ba6 5.b3 Bb4+ 6.Bd2 Be7 7.Nc3 O-O 8.e4 d5
9.cxd5 Bxf1 10.Kxf1 exd5 11.e5 Ne4 12.Qe2 Nxc3 13.Bxc3 Qd7 14.Kg2 c5 15.e6 Qxe6
16.Qxe6 fxe6 17.Rhe1 Bf6 18.Rxe6 Na6 19.Rc1 Nc7 20.Re2 Nb5 21.Ba1 cxd4 22.Rd2 Rac8
23.Rxc8 Rxc8 24.Bxd4 Nxd4 25.Nxd4 Bxd4 26.Rxd4 Rd8 27.Rd2 Kf7 28.Rc2 Rd7
29.Rc6 d4 30.Kf3 d3 31.Rc1 Re7 32.Rd1 Re2 33.a4 Rb2 34.Rxd3 Ke6 35.h4 a6
36.Ke3 Ke5 37.g4 Ke6 38.f3 Ke5 39.f4+ Ke6 40.Ke4 g6 41.f5+ gxf5+ 42.gxf5+ Ke7
43.Ke5  1-0

[Event "Buenos Aires ol (Men)"]
[Site "Buenos Aires"]
[Date "1978.??.??"]
[Round "?"]
[White "Jones, Brian"]
[Black "Johannessen, Svein"]
[Result "1/2-1/2"]
[WhiteElo "2200"]
[BlackElo "2400"]

1.c4 Nf6 2.Nf3 e6 3.d4 b6 4.g3 Ba6 5.Qc2 c5 6.Bg2 Nc6 7.dxc5 Bxc5 8.a3 Rc8
9.Qa4 Bb7 10.O-O a5 11.Nc3 O-O 12.Bg5 h6 13.Bxf6 Qxf6 14.Ne4 Qe7 15.Rfd1 Rfd8
16.Rac1 f5 17.Nxc5 bxc5 18.Qc2 Rb8 19.Rd2 Ba8 20.Rcd1 d6 21.Qc3 a4 22.Qc2 Rb3
23.Rd3 Na5 24.Nd2 Rxd3 25.exd3 Bxg2 26.Kxg2 Qb7+ 27.Kg1 Nb3 28.Nxb3 axb3
29.Qe2 e5 30.Rc1 Kh7 31.Qd1 Rb8 32.Rc3 Qc6 33.Qh5 g6 34.Qd1 Qb7 35.Qe2 Re8  1/2-1/2

[Event "Buenos Aires ol (Men)"]
[Site "Buenos Aires"]
[Date "1978.??.??"]
[Round "?"]
[White "Arafih, I."]
[Black "Giardelli, Sergio C"]
[Result "0-1"]
[WhiteElo "2200"]
[BlackElo "2315"]

1.c4 b6 2.d4 e6 3.Nf3 Nf6 4.g3 Ba6 5.Qa4 c5 6.Bg2 Bb7 7.O-O Be7 8.Nc3 O-O
9.Qc2 cxd4 10.Nxd4 Bxg2 11.Kxg2 Qc8 12.Qd3 Nc6 13.b3 Nb4 14.Qf3 Bc5 15.Be3 Rd8
16.a3 Na6 17.Rfc1 Be7 18.Bg5 Qc5 19.Be3 Qc8 20.g4 Rf8 21.h4 Qd8 22.g5 Ne8
23.Rd1 Qc8 24.Ncb5 Nac7 25.a4 a6 26.Nc3 Rb8 27.Qg4 Qb7+ 28.f3 Rd8 29.Rac1 Ba3
30.Rc2 d5 31.cxd5 Nxd5 32.Nxd5 Rxd5 33.Rd3 Bc5 34.Rcd2 Nc7 35.Nc2 Be7 36.Qe4 Rfd8
37.Bf4 Qc8 38.Bxc7 Rxd3 39.Rxd3 Rxd3 40.Qxd3 Qxc7 41.Ne3 Qf4 42.Qe4 Qxe4  0-1

[Event "Wch U20"]
[Site "Graz"]
[Date "1978.??.??"]
[Round "8"]
[White "Foisor, Ovidiu"]
[Black "Morrison, Graham"]
[Result "1/2-1/2"]
[WhiteElo "2310"]
[BlackElo "2200"]

1.d4 Nf6 2.c4 e6 3.Nf3 b6 4.g3 Ba6 5.b3 Bb4+ 6.Bd2 Be7 7.Nc3 c6 8.Bg2 d5
9.cxd5 cxd5 10.O-O Nc6 11.Bc1 Rc8 12.Bb2 O-O 13.Rc1 Bd6 14.Re1 Qe7 15.e3 Nb4
16.Bf1 Bxf1 17.Rxf1 Ne4 18.Qe2 Nxc3 19.Bxc3 Rc7 20.a4 Rfc8 21.Qd2 f6 22.Rfd1 g6
23.Ne1 Kg7 24.Bb2 Nc6 25.Bc3 Kf7 26.Nd3 a5 27.Bb2 Ba3 28.h4 Bxb2 29.Qxb2 Ke8
30.Rc2  1/2-1/2

[Event "Wch U20"]
[Site "Graz"]
[Date "1978.??.??"]
[Round "8"]
[White "Henttinen, Markku IO"]
[Black "Karolyi, Tibor Jr"]
[Result "1/2-1/2"]
[WhiteElo "2200"]
[BlackElo "2200"]

1.d4 Nf6 2.c4 e6 3.Nf3 b6 4.g3 Ba6 5.Qa4 c6 6.Ne5 b5 7.Qc2 d5 8.cxb5 cxb5
9.e3 Qb6 10.a4 b4 11.a5 Qb7 12.Qa4+ Nbd7 13.Nd2 Bd6 14.Bxa6 Qxa6 15.Nb3 Rb8
16.Qc6 Qxc6 17.Nxc6 Rb7 18.Bd2 O-O 19.Ke2 Ne4 20.Rhc1 Nxd2  1/2-1/2

[Event "Kiev"]
[Site "Kiev"]
[Date "1978.??.??"]
[Round "2"]
[White "Ree, Hans"]
[Black "Adamski, Jan"]
[Result "1-0"]
[WhiteElo "2500"]
[BlackElo "2470"]

1.d4 Nf6 2.c4 e6 3.Nf3 b6 4.g3 Ba6 5.b3 Bb4+ 6.Bd2 Be7 7.Nc3 c6 8.e4 d5 9.Qc2 dxe4
10.Nxe4 Nbd7 11.Bg2 Nxe4 12.Qxe4 Bb7 13.O-O Nf6 14.Qe2 c5 15.Bc3 O-O 16.Rfd1 Qc7
17.dxc5 bxc5 18.Ne5 Rfd8 19.f4 Rac8 20.Bf3 a6 21.Qg2 Bxf3 22.Qxf3 Nd7 23.Nxd7 Rxd7
24.Rxd7 Qxd7 25.Rd1 Qc7 26.Kf1 Rd8 27.Rxd8+ Qxd8 28.Ke2 Qc8 29.Qe4 f5 30.Qf3 Kf7
31.h3 Bf6 32.Qh5+ Kg8 33.Bxf6 gxf6 34.Qf3 Kg7 35.g4 fxg4 36.hxg4 Qc7 37.Qe4 Qd6
38.a3 a5  1-0

[Event "Lone Pine op"]
[Site "Lone Pine"]
[Date "1978.??.??"]
[Round "8"]
[White "Sahovic, Dragutin"]
[Black "Bohm, Hans"]
[Result "1-0"]
[WhiteElo "2490"]
[BlackElo "2410"]

1.d4 Nf6 2.c4 e6 3.Nf3 b6 4.g3 Ba6 5.b3 d5 6.Bg2 Bb4+ 7.Bd2 Bxd2+ 8.Nbxd2 O-O
9.O-O Nbd7 10.Re1 c5 11.e4 dxe4 12.Nxe4 Nxe4 13.Rxe4 Bb7 14.Re2 Qc7 15.Rd2 Rad8
16.Qe2 cxd4 17.Nxd4 Bxg2 18.Kxg2 e5 19.Nb5 Qc6+ 20.f3 a6 21.Nc3 Rde8 22.Rad1 Nc5
23.Rd6 Qc7 24.b4 Nb7 25.Rd7 Qb8 26.Nd5 a5 27.a3 axb4 28.axb4 Re6 29.Ne7+ Kh8
30.Qe4 Nd6 31.Qd5 Qe8 32.Rxd6 Qxe7 33.Qc6 e4 34.f4 Rb8 35.Rxe6 fxe6 36.Qd6 Qe8
37.Qe5 Ra8 38.h4 Qg6 39.Qg5 Ra2+ 40.Kh3 Qxg5 41.hxg5 Kg8 42.Re1 Rb2 43.b5 Kf7
44.Rxe4 Rc2 45.Kg4 Rc3 46.Kh3 Rc2 47.g4 g6 48.Kg3 Rc1 49.Kf2 Rh1 50.Ke3 Rc1
51.Kd4 Rf1 52.Kd3 Rf3+ 53.Kd2 Rf1 54.Ke2 Rc1 55.f5 gxf5 56.gxf5 exf5 57.Rh4 Kg6
58.Kd2 Rb1 59.Rh6+ Kxg5 60.Rxb6 f4 61.Rb8 f3 62.Ke3 Rb3+ 63.Kf2 Kf4 64.Rf8+ Ke4
65.Kg3 Kd4 66.Rxf3 Rb1 67.Rf4+ Kc5 68.Rh4 Rf1 69.Kg2 Rf5 70.Kg3 Rf8 71.Rf4 Rh8
72.Kg4 Rg8+ 73.Kf5 Rg6 74.Rh4 Rb6 75.Ke5 Rg6 76.Rf4 Rh6 77.Rf6 Rh5+ 78.Ke6 Kb6
79.Kd7+ Kb7 80.Kd6 Kb6 81.Kd7+ Kb7 82.Rf7 Kb6 83.Rf6+ Kb7 84.Kd6 Kb6 85.Rf8 Rh6+
86.Kd5 Rh5+ 87.Kd4 Rh4+ 88.Kc3 h5 89.Rf6+ Kb7 90.c5 Rh1 91.Rf7+ Kc8 92.Kc4 h4  1-0

[Event "Kringsja"]
[Site "Oslo"]
[Date "1978.??.??"]
[Round "6"]
[White "Lundin, Erik"]
[Black "Petursson, Margeir"]
[Result "0-1"]
[WhiteElo "2375"]
[BlackElo "2350"]

1.d4 Nf6 2.c4 e6 3.Nf3 b6 4.g3 Ba6 5.Qa4 c6 6.Bg2 b5 7.cxb5 cxb5 8.Qd1 Nc6
9.O-O b4 10.Bg5 Be7 11.Nbd2 d5 12.Nb3 Rc8 13.Rc1 Bc4 14.Nfd2 Bb5 15.Re1 O-O
16.e3 Nd7 17.Bxe7 Qxe7 18.e4 dxe4 19.Nxe4 Nf6 20.Nxf6+ Qxf6 21.Qh5 a6 22.Qc5 h6
23.f4 Rfd8 24.d5 exd5 25.Bxd5 Ne7 26.Qxe7 Qxe7 27.Rxe7 Rxc1+ 28.Nxc1 Rxd5
29.Nb3 Rd1+ 30.Kf2 Rb1 31.Nd4 Rxb2+ 32.Kf3 Bc4 33.f5 Rxa2 34.f6 gxf6 35.Nf5 Rxh2  0-1